| 000 | 01021ntm a22004097a 4500 | ||
|---|---|---|---|
| 005 | 20251128165845.0 | ||
| 008 | 160121b2009 xxu||||| |||| 00| 0 spa d | ||
| 020 | _a9786044422887 | ||
| 041 | _aESP | ||
| 082 | _a530 Y68f12 | ||
| 100 |
_aYoung, Hung, D _91951 |
||
| 100 |
_aFreedman, Roger A _91952 |
||
| 245 | _aFísica universitaria con física moderna, Volumen 1 | ||
| 250 | _a12 edición | ||
| 260 | _aMéxico | ||
| 260 | _bPearson Educación | ||
| 260 | _c2009 | ||
| 300 | _a710 páginas | ||
| 490 | _aGestión de Calidad | ||
| 490 | _aElectrónica | ||
| 490 | _aMecánica Dental | ||
| 650 | _aFÍSICA | ||
| 650 | _aVECTORES | ||
| 650 | _aMOVIMIENTO RECTILÍNEO | ||
| 650 | _aLEYES DE NEWTON | ||
| 650 | _aENERGÍA CINETICA | ||
| 650 | _aENERGÍA POTENCIAL | ||
| 650 | _aCUERPOS RÍGIDOS | ||
| 650 | _aEQUILIBRIO | ||
| 650 | _aMECÁNICA DE FLUIDOS | ||
| 650 | _aTERMODINÁMICA | ||
| 650 | _aLEY DE HOOKE | ||
| 942 |
_cBK _2ddc |
||
| 999 |
_c8829 _d8829 |
||